00564nam a2200157Ia 4500008004000000020001800040082001500058100005100073245003900124260004000163300001200203690002200215906001100237999001700248952014100265210210b1995 xxu||||| |||| 00| 0 eng d a81 7100 556 x a320.5 MUKG aMUKHERJEE (Subrata) & RAMASWAMY (Sushila), Ed. aJean Jacques Rousseau (1712-1778). aNDbDeep & Deep Publications.c1995 axxx,632 aPolitical Thought a050708 c99239d99239 001040708Political ScienceaALbALcPolitical Scienced2021-02-17g650.00l0o320.5 MUKGp050708r2021-02-17 00:00:00w2021-02-17yBK